|
|
|
|
| LEADER |
00000nas a22000007i 4500 |
| 001 |
ssj0001291 |
| 003 |
WaSeSS |
| 005 |
20200512172242.0 |
| 006 |
m d |
| 007 |
cr n |
| 008 |
050614c19489999wiuqr p s 0 a0eng |
| 010 |
|
|
|a 2013203315
|
| 016 |
7 |
|
|a 2066963-X
|2 DE-600
|
| 022 |
|
|
|a 2329-8626
|y 0034-4346
|
| 035 |
|
|
|a (WaSeSS)ssj0001291
|
| 037 |
|
|
|b Philosophy Documentation Center, P.O. Box 7147, Charlottesville, VA 22906-7147
|
| 040 |
|
|
|a OCLCS
|b eng
|e pn
|c OCLCS
|d UV0
|d AUD
|d OCLCQ
|d CO3
|d BUF
|d OCLCQ
|d KSU
|d OCLCQ
|d DLC
|d OCLCF
|d DLC
|d ZAC
|d AU@
|d WaSeSS
|
| 042 |
|
|
|a pcc
|a nsdp
|
| 050 |
1 |
4 |
|a PN2
|b .R4
|
| 082 |
1 |
0 |
|a 801
|2 23
|
| 082 |
0 |
4 |
|a 820.9
|2 21
|
| 222 |
|
0 |
|a Renascence
|b (Online)
|
| 245 |
0 |
0 |
|a Renascence
|h [electronic resource].
|
| 260 |
|
|
|a [Milwaukee :
|b Marquette University Press]
|
| 310 |
|
|
|a Quarterly,
|b <autumn 1972->
|
| 321 |
|
|
|a Semiannual,
|b <autumn 1951-spring 1953>
|
| 362 |
1 |
|
|a Print began with: Vol. 1 (Autumn 1948)
|
| 500 |
|
|
|a "Essays on values in literature."
|
| 506 |
|
|
|a License restrictions may limit access.
|
| 550 |
|
|
|a Vols. for 1948-winter 1977 issued by Catholic Renascence Society.
|
| 555 |
|
|
|a Vols. 1-4, autumn 1948-spring 1952, with v. 4-5; Vols. 21-40, 1968-88. 1 v.
|
| 588 |
|
|
|a Description based on print.
|
| 588 |
|
|
|a Latest issue consulted: Volume 65, issue 3 (Spring 2013) (Philosophy Documentation Center website, viewed July 2, 2013).
|
| 650 |
|
0 |
|a Literature
|x History and criticism
|v Periodicals.
|
| 650 |
|
7 |
|a Literature.
|2 fast
|0 (OCoLC)fst00999953
|
| 655 |
|
0 |
|a Electronic journals.
|
| 710 |
2 |
|
|a Philosophy Documentation Center.
|
| 710 |
2 |
|
|a Catholic Renascence Society.
|
| 710 |
2 |
|
|a Marquette University.
|
| 776 |
0 |
8 |
|i Print version:
|t Renascence
|x 0034-4346
|w (DLC) 54038373
|w (OCoLC)1763687
|
| 856 |
4 |
0 |
|z Full text available from Research Library: 01/01/1997 to present
|u https://search.proquest.com/publication/38014
|